000 00623nam a22001937a 4500
003 koha_MIRAKIL
005 20240924131105.0
008 231213b |||||||| |||| 00| 0 ||| d
020 _a9786055678524
040 _aTR-IsEVY
_btur
_cTR-IsEVY
082 _aFIC TAN/T
100 _aTan, Shaun
245 0 _aTaşradan öyküler /
_cShaun Tan
260 _bTudem Yayınları,
_c2017.
_aİzmir :
300 _a[96] s. :
_brenkli resimli ;
_c24 cm.
650 _aTürk edebiyatı -- Çocuk romanı.
_vÇocuk Edebiyatı.
_vGündelik Yaşam.
_vVaroluş.
650 _aTurkish literature -- Children's fiction.
942 _2ddc
_cBK
999 _c20424
_d20424